[Event "Titled Tuesday intern op 20th May Late"]
[Site "Chess.com INT"]
[Date "2025.05.20"]
[Round "6"]
[White "Sklokin, Sergey"]
[Black "Materia, Marco"]
[Result "1-0"]
[WhiteElo "2311"]
[BlackElo "2489"]
[PlyCount "81"]
[EventDate "2025.05.20"]
[EventType "swiss (blitz)"]
[EventRounds "11"]
[EventCountry "USA"]
[SourceTitle "CB22_2025"]
[SourceDate "2025.05.28"]
[SourceVersion "1"]
[SourceVersionDate "2025.05.28"]
[SourceQuality "1"]

1. d4 Nf6 2. c4 e6 3. Nf3 d5 4. g3 Nbd7 5. Bg2 Bb4+ 6. Nbd2 dxc4 7. 0-0 Nb6 8. Nxc4 0-0 9. Qc2 Nxc4 10. Qxc4 Be7 11. Rd1 c6 12. b3 a5 13. a4 Qb6 14. Bb2 Rd8 15. Rac1 Bd7 16. Ne5 Be8 17. e3 Rac8 18. Qc3 Bb4 19. Qc2 c5 20. Nc4 Qc7 21. dxc5 Rxd1+ 22. Rxd1 Bxc5 23. Be5 Qe7 24. Nxa5 Ng4 25. Bd4 b5 26. b4 bxa4 27. Bxc5 Qf6 28. h3 Ne5 29. Qe4 a3 30. Bd4 a2 31. Qxe5 Ba4 32. Ra1 Qxe5 33. Bxe5 Rc2 34. Be4 Rd2 35. Bc3 Rd1+ 36. Rxd1 Bxd1 37. b5 Be2 38. b6 Ba6 39. b7 Bxb7 40. Bxb7 a1Q+ 41. Bxa1 1-0

[Event "Asnieres sur Seine Trophy Dalkia"]
[Site "Asnieres sur Seine"]
[Date "2025.04.19"]
[Round "2"]
[White "Fromm, Marius"]
[Black "Materia, Marco"]
[Result "0-1"]
[WhiteElo "2436"]
[BlackElo "2474"]
[PlyCount "78"]
[EventDate "2025.04.18"]
[EventType "tourn"]
[EventRounds "9"]
[EventCountry "FRA"]
[EventCategory "9"]
[SourceTitle "CB18_2025"]
[SourceDate "2025.04.30"]
[SourceVersion "1"]
[SourceVersionDate "2025.04.30"]
[SourceQuality "1"]

1. e4 c5 2. Nf3 d6 3. Bb5+ Nd7 4. a4 Ngf6 5. Nc3 g6 6. a5 Bg7 7. 0-0 a6 8. Be2 0-0 9. d3 b5 10. axb6 Nxb6 11. Qd2 e5 12. Qg5 a5 13. b3 Bb7 14. Qh4 Nfd7 15. Qxd8 Rfxd8 16. Nd2 d5 17. Nxd5 Nxd5 18. exd5 e4 19. Ra2 exd3 20. Bxd3 Ne5 21. Bc4 Bxd5 22. Bxd5 Rxd5 23. Nf3 Nc6 24. Ra4 Nb4 25. c4 Rd3 26. Be3 Rxb3 27. Bxc5 Nd3 28. Bd4 Rb4 29. Rxb4 axb4 30. Rb1 Bxd4 31. Nxd4 Rc8 32. Nc2 Rxc4 33. Ne3 Rc8 34. Kf1 Rb8 35. Ke2 Nc5 36. Nd5 b3 37. Ke3 Na4 38. Kd3 Rd8 39. Kc4 Rxd5 0-1

[Event "Asnieres sur Seine Trophy Dalkia"]
[Site "Asnieres sur Seine"]
[Date "2025.04.18"]
[Round "1"]
[White "Materia, Marco"]
[Black "Guichard, Pauline"]
[Result "1-0"]
[WhiteElo "2474"]
[BlackElo "2355"]
[PlyCount "173"]
[EventDate "2025.04.18"]
[EventType "tourn"]
[EventRounds "9"]
[EventCountry "FRA"]
[EventCategory "9"]
[SourceTitle "CB18_2025"]
[SourceDate "2025.04.30"]
[SourceVersion "1"]
[SourceVersionDate "2025.04.30"]
[SourceQuality "1"]

1. d4 Nf6 2. c4 e6 3. Nc3 Bb4 4. Qc2 0-0 5. e4 d5 6. e5 Ne4 7. Bd3 c5 8. a3 Bxc3+ 9. bxc3 Nc6 10. Ne2 cxd4 11. cxd4 Qa5+ 12. Kf1 f6 13. Bxe4 dxe4 14. exf6 Qf5 15. Be3 Qxf6 16. h4 e5 17. d5 Nd4 18. Qc3 Nxe2 19. Kxe2 b6 20. Qc2 Bf5 21. a4 Rac8 22. Qb3 Qf7 23. a5 b5 24. cxb5 Bg4+ 25. Kf1 Rcd8 26. Kg1 Rxd5 27. Kh2 Be6 28. Qb4 Qh5 29. Qe7 Re8 30. Qg5 Qxg5 31. hxg5 Rxb5 32. Bxa7 Ra8 33. Bb6 e3 34. fxe3 Bf5 35. Raf1 Bd3 36. Rf3 e4 37. Rg3 Rb2 38. Rc1 Rc2 39. Ra1 Kf7 40. Ra4 Rc4 41. Ra2 Kg6 42. Rg4 Rb4 43. Bd4 Ra6 44. Bc3 Rb3 45. Bd2 Rb5 46. Ra4 Rxg5 47. Rxg5+ Kxg5 48. Rd4 Rc6 49. Rd7 Kf6 50. Bb4 h5 51. Ba3 g6 52. Bb2+ Kg5 53. Bd4 Rc2 54. Rf7 Ra2 55. Bf6+ Kh6 56. Rf8 g5 57. Bd8 g4 58. Kg3 Kg7 59. Rf5 Kg6 60. Rg5+ Kh6 61. Rf5 Kg6 62. Rg5+ Kh6 63. Bf6 Bf1 64. Kh4 Rxg2 65. Bg7+ Kh7 66. Be5 g3 67. Rxh5+ Kg6 68. Rg5+ Kf7 69. Rf5+ Ke6 70. Rxf1 Rf2 71. Ra1 Kxe5 72. Kxg3 Rf3+ 73. Kg4 Rf7 74. a6 Rg7+ 75. Kh5 Ra7 76. Ra5+ Kd6 77. Kg4 Kc6 78. Kf4 Kb6 79. Ra3 Ra8 80. a7 Kb7 81. Kxe4 Re8+ 82. Kf5 Rf8+ 83. Kg6 Ka8 84. e4 Rf1 85. e5 Rg1+ 86. Kf7 Rf1+ 87. Ke7 1-0

[Event "Titled Tuesday intern op 01st Apr Early"]
[Site "Chess.com INT"]
[Date "2025.04.01"]
[Round "10"]
[White "Bok, Benjamin"]
[Black "Materia, Marco"]
[Result "1/2-1/2"]
[WhiteElo "2592"]
[BlackElo "2486"]
[PlyCount "74"]
[EventDate "2025.04.01"]
[EventType "swiss (blitz)"]
[EventRounds "11"]
[EventCountry "USA"]
[SourceTitle "CB15_2025"]
[SourceDate "2025.04.09"]
[SourceVersion "1"]
[SourceVersionDate "2025.04.09"]
[SourceQuality "1"]

1. d4 Nf6 2. c4 e6 3. Nc3 d5 4. cxd5 exd5 5. Bg5 Be7 6. e3 h6 7. Bh4 Bg4 8. Qc2 Nbd7 9. h3 Be6 10. Nf3 0-0 11. Bd3 c5 12. dxc5 Nxc5 13. 0-0 Rc8 14. Qe2 Nfe4 15. Bxe7 Qxe7 16. Rac1 Rfd8 17. Nd4 Nxc3 18. Rxc3 Qg5 19. Qf3 Qe5 20. Bb1 Ne4 21. Rxc8 Rxc8 22. Rd1 Bd7 23. Qe2 Qg5 24. Nf3 Qf6 25. Rxd5 Rc1+ 26. Rd1 Rxd1+ 27. Qxd1 Bc6 28. Qd4 Qe6 29. Qxa7 Qc4 30. Kh2 Qe2 31. Qd4 f5 32. Ne5 Qxf2 33. Nxc6 Qg3+ 34. Kg1 Qe1+ 35. Kh2 Qg3+ 36. Kg1 Qf2+ 37. Kh2 Qg3+ 1/2-1/2

[Event "Titled Tuesday intern op 01st Apr Late"]
[Site "Chess.com INT"]
[Date "2025.04.01"]
[Round "1"]
[White "Materia, Marco"]
[Black "Cappai, Davide"]
[Result "1-0"]
[WhiteElo "2474"]
[BlackElo "2117"]
[PlyCount "93"]
[EventDate "2025.04.01"]
[EventType "swiss (blitz)"]
[EventRounds "11"]
[EventCountry "USA"]
[SourceTitle "CB21_2025"]
[SourceDate "2025.05.21"]
[SourceVersion "1"]
[SourceVersionDate "2025.05.21"]
[SourceQuality "1"]

1. e4 c5 2. Nf3 Nc6 3. b3 g6 4. Bb2 Nf6 5. e5 Nd5 6. g3 Bg7 7. Qe2 0-0 8. Bg2 d6 9. Na3 Bg4 10. Qe4 Bxf3 11. Bxf3 e6 12. Nc4 dxe5 13. Nxe5 Nxe5 14. Bxe5 Bxe5 15. Qxe5 Rb8 16. c3 Qf6 17. Qxf6 Nxf6 18. 0-0-0 Rfd8 19. Kc2 Rd7 20. Rhe1 Rbd8 21. h4 b6 22. Re5 Rd6 23. h5 Kg7 24. d3 Nd7 25. Re4 Nf6 26. Re5 Nd7 27. Re3 Nf6 28. hxg6 hxg6 29. a3 Nd5 30. Ree1 a5 31. d4 cxd4 32. Rxd4 Ne7 33. Rxd6 Rxd6 34. b4 f5 35. bxa5 bxa5 36. Re5 Ra6 37. Be2 Rc6 38. Rxa5 Kf6 39. a4 Nd5 40. c4 Nb4+ 41. Kb3 Na6 42. Bf3 Rb6+ 43. Rb5 Rd6 44. Kc3 e5 45. c5 Rd4 46. Rb6+ Kg5 47. Rxa6 1-0

[Event "Titled Tuesday intern op 01st Apr Late"]
[Site "Chess.com INT"]
[Date "2025.04.01"]
[Round "5"]
[White "Sargsyan, Shant"]
[Black "Materia, Marco"]
[Result "1-0"]
[WhiteElo "2666"]
[BlackElo "2474"]
[PlyCount "73"]
[EventDate "2025.04.01"]
[EventType "swiss (blitz)"]
[EventRounds "11"]
[EventCountry "USA"]
[SourceTitle "CB15_2025"]
[SourceDate "2025.04.09"]
[SourceVersion "1"]
[SourceVersionDate "2025.04.09"]
[SourceQuality "1"]

1. c4 Nf6 2. g3 g6 3. Bg2 Bg7 4. Nc3 0-0 5. Nf3 d6 6. 0-0 e5 7. d3 h6 8. Rb1 a5 9. a3 c6 10. b4 axb4 11. axb4 Be6 12. b5 Nbd7 13. Bb2 d5 14. Nd2 d4 15. Nce4 Nxe4 16. Nxe4 cxb5 17. cxb5 Qe7 18. Nd2 Nc5 19. Ra1 Rfc8 20. Ba3 Qd7 21. Bxc5 Rxa1 22. Qxa1 Rxc5 23. b6 Rb5 24. Rb1 Bf8 25. h4 Kg7 26. h5 Bb4 27. Qa4 Rxb6 28. Rxb4 Qxa4 29. Rxa4 Rb2 30. Nf3 b5 31. Ra7 b4 32. Nxe5 Rxe2 33. Nxf7 b3 34. Ng5+ Kf6 35. Ne4+ Ke5 36. f4+ Kf5 37. Bh3# 1-0